歌曲中的地点(1) The city/pefecture region based in the songs - Statistics

General Stats
  • This quiz has been taken 53 times
  • The average score is 10 of 27
Answer Stats
歌词 地点 % Correct
浏阳河/弯过了几道弯/几十里水路到湘江 湘潭/长沙
81%
走到玉林路的尽头/坐在小酒馆的门口 成都
72%
皇后大道东上为何无皇宫/皇后大道中人民如潮涌 香港
72%
夜幕覆盖华北平原/忧伤浸透她的脸 石家庄
68%
去看那最美的格桑花呀/盛开在雪山下 拉萨
64%
停靠在八楼的二路汽车/带走了最后一片飘落的黄叶 乌鲁木齐
60%
老街坊/小弄堂/是属于那年代白墙黑瓦的淡淡的忧伤 上海
60%
看月牙湾下的泪光/在丝路之上被遗忘 酒泉
55%
柳絮纷飞里看见了故乡/ 不知心上的你是否还在庐阳 合肥
51%
乌蒙山连着山外山/月光洒下了响水滩 毕节
49%
跑马溜溜的山上/一朵溜溜的云哟 甘孜
49%
额尔古纳河穿过那大草原/草原母亲我爱你 呼伦贝尔
47%
断桥绢伞/黑白了思念 杭州
38%
毋惊毋惊就毋惊/我是后生仔/风大雨大日头大/我就是敢拍拼 三明
34%
站在古老神秘的城墙/月光摇又晃 西安
32%
西边的太阳就要落山了/鬼子的末日就要来到 枣庄/济宁
32%
你搂宝儿啊/座屉儿啊/天天那都有局儿啊 哈尔滨
21%
环绕着扇动银翅的蝶啊/追回那遥远古老时光 大理
21%
清早船儿去呀去撒网/晚上回来鱼满舱/四处野鸭和菱藕啊/秋收满畈稻谷香 荆州
19%
鹿港的清晨/鹿港的黄昏/徘徊在文明里的人们 彰化
19%
爱若是心总不在/拥抱起来/就像这座安静的银泰 北京
15%
雨纷纷/旧故里草木深 洛阳
15%
青山那个绿水哎/多好看/风吹那个草低/见牛羊/高梁那个红来哎/豆花香/满担那个谷子哎/堆满仓 临沂
13%
你是心中的日月/落在这里/旅程的前后多余/只为遇到你 迪庆
13%
街道冷清心事却拥挤/每一个角落都有回忆/如果相逢也不必逃避/我终将擦肩而去 台北
11%
就在那个山顶听听来自天堂的声音/就在那个村庄平息难以安静的灵魂 凉山
9%
风带着潮湿/水在讲故事/无处停留的我/绕着江若无其事 长沙
9%
No matching quizzes found
Score Distribution
Percent of People with Each Score
Percentile by Number Answered
Your Score History
You have not taken this quiz